| 000 | 00802nam a2200217Ii 4500 | ||
|---|---|---|---|
| 003 | JO-AjNU | ||
| 008 | 230605s9999||||xx |||||||||||||| ||und|| | ||
| 017 | _a2012/5/1904 | ||
| 040 |
_aJO-AjNU _bara _erda _cJO-AjNU |
||
| 041 | _aara | ||
| 050 | 1 | 4 | _aDS36.16.H3264 2013 |
| 100 | 3 |
_aالحديثي، نزار عبد اللطيف, _eauthor _960256 |
|
| 245 | 0 | 0 | _aعلم التاريخ عند العرب: فكرته وفلسفته |
| 250 | _aط1 | ||
| 264 | 3 | 1 | _aعمان: دار المناهج، 2013 |
| 300 |
_a274ص _bيحتوي على المصادر والمراجع من ص261ص- 273ص |
||
| 336 |
_atext _btxt _2rdacontent |
||
| 337 |
_aunmediated _bn _2rdamedia |
||
| 338 |
_avolume _bnc _2rdacarrier |
||
| 650 | 4 |
_aالتاريخ العربي- البلدان العربية- العرب _960257 |
|
| 999 |
_aA27161 _c30729 _d30729 |
||